00489nam a22001577a 450000500170000001000150001702000260003203500140005803700130007208200100008510000190009524500680011426000250018227001010020730000230030820200914121511.0 aENG-128426 c119.00a9789389604634 aEN-111958 bDBAD/PUB a158.1 aKhan, MD. Umar aFive Steps in making you Extraordinary/cby Dr. Mohd. Umar Khan aChennaibBUUKSc2019 aJVL Plaza, 4th Floor, 501, Anna Salai Teynampet,bChennaie600 018k044-4992727mhello@buuks.com aix;70p.c20cm(pbk)